书目信息 |
| 题名: |
学历社会
|
|
| 作者: | 矢仓久泰 著 ;王振宇 , 程永华 译 | |
| 分册: | ||
| 出版信息: | 长春 吉林人民出版社 1982 |
|
| 页数: | 92页 | |
| 开本: | 19cm | |
| 丛书名: | ||
| 单 册: | ||
| 中图分类: | G531.32 , G531.3 | |
| 科图分类: | ||
| 主题词: | 教育事业--世界 , 教育制度--日本 | |
| 电子资源: | ||
| ISBN: | ||
| 000 | 00767nam0 2200277 45 | |
| 001 | 0182003879 | |
| 005 | 20060810174520.78 | |
| 010 | @dCNY0.26 | |
| 091 | @a7091.1329 | |
| 100 | @a19950704d1982 em y0chiy0121 ea | |
| 101 | 1 | @achi@cjpn |
| 102 | @aCN@b220000 | |
| 105 | @ay z 000yy | |
| 200 | 10 | @a学历社会@Axue li she hui@f(日)矢仓久泰著@g王振宇,程永华译 |
| 210 | @a长春@c吉林人民出版社@d1982 | |
| 215 | @a92页@d19cm | |
| 606 | 0 | @a教育事业@x世界 |
| 606 | @a教育制度@y日本 | |
| 690 | @aG531.32@v3 | |
| 690 | @aG531.3 | |
| 701 | 0 | @a矢仓久泰@Ashi cang jiu tai@f日@4著 |
| 702 | 0 | @a王振宇@Awang zhen yu@4译 |
| 702 | 0 | @a程永华@Acheng yong hua@4译 |
| 801 | 2 | @aCN@bNLC@c20060810 |
| 801 | 0 | @aCN@b上海图书馆@c20060728 |
| 905 | @f1@b61590@dG531.3@e1 | |
| 学历社会/(日)矢仓久泰著/王振宇,程永华译.-长春:吉林人民出版社,1982 |
| 92页;19cm |
| ISBN :CNY0.26 |
| ● |
| 相关链接 |
|
|
|
|
正题名:学历社会
索取号:G531.3/1
 
预约/预借
| 序号 | 登录号 | 条形码 | 馆藏地/架位号 | 状态 | 备注 |
| 1 | 0061589 | 001785651 | 密集书库/ [索取号:G531.3/1] | 在馆 | |
| 2 | 0061590 | 000464312 | 第一样本阅览室/ [索取号:G531.3/1] | 在馆 | |
| 3 | 0440282 | 204402823 | 密集书库/ [索取号:G531.3/1] | 在馆 | |
| 4 | 0440298 | 204402985 | 密集书库/ [索取号:G531.3/1] | 在馆 | |
| 5 | 0440299 | 204402994 | 密集书库/ [索取号:G531.3/1] | 在馆 | |
| 6 | 0448552 | 204485529 | 密集书库/ [索取号:G531.3/1] | 在馆 |